01282nam a2200313 a 4500001001200000003000800012006001900020007001500039008004100054020001800095020002700113040002100140035002100161043001200182050002700194082001600221100002900237245016100266260004600427300001600473504005100489533015200540650002500692651005800717655002900775700002100804710001700825856012600842ebr10713138CaPaEBRm o u cr cn|||||||||130605s2007 enk sb 001 0 eng d z9781845113889 z9780857713674 (e-book) aCaPaEBRcCaPaEBR a(OCoLC)184738386 aa-ir---14aJC573.2.I7bE38 2007eb04a955.0542231 aEhteshami, Anoushiravan.10aIran and the rise of its neoconservativesh[electronic resource] :bthe politics of Tehran's silent revolution /cAnoushiravan Ehteshami and Mahjoob Zweiri. aLondon ;aNew York :bI.B. Tauris,c2007. axix, 215 p. aIncludes bibliographical references and index. aElectronic reproduction.bPalo Alto, Calif. :cebrary,d2013.nAvailable via World Wide Web.nAccess may be limited to ebrary affiliated libraries. 0aConservativeszIran. 0aTehran (Iran)xPolitics and governmenty21st century. 7aElectronic books.2local1 aZweiri, Mahjoob.2 aebrary, Inc.40uhttp://site.ebrary.com/lib/rucke/Doc?id=10713138zAn electronic book accessible through the World Wide Web; click to view